000 00613nam a2200193 i 4500
001 60390
003 ES-MaACL
005 20230906164225.0
007 t|
008 031104s1965 sp ||||1| spa d
100 1 _aEsquer Torres, Ramón.
_947961
245 1 3 _aEl teatro de Tamayo y Baus /
_cRamón Esquer Torres.
260 _aMadrid :
_bConsejo Superior de Investigaciones Científicas,
_c1965.
300 _a280 p. ;
_c25 cm.
490 1 _aAnejos de revista de literatura ;
_v22
830 0 _aAnejos de revista de literatura ;
_v22
_9182587
852 _aES-MaACL
_jC-27369
_bR.56474
999 _c60390
_d60390